| Tag |
First Indicator |
Second Indicator |
Subfields |
| LEADER |
00000cam a2200000 a 4500 |
| 001 |
in00003856821 |
| 005 |
20190415182511.0 |
| 006 |
m o d |
| 007 |
cr |n||||||||n |
| 008 |
040908s1883 au a ob 001 0 ger d |
| 035 |
|
|
|a (MiFhGG)MOM200642
|
| 035 |
|
|
|a (OCoLC)778051691
|
| 040 |
|
|
|a TGPSM
|c UtOrBLW
|d UtOrBLW
|
| 043 |
|
|
|a e-au---
|
| 050 |
|
4 |
|a KJJ3627
|b .G455 1883
|
| 100 |
1 |
|
|a Geller, Leo,
|d 1844-1925.
|0 http://id.loc.gov/authorities/names/n91052367
|
| 245 |
1 |
0 |
|a Gesetze betreffend die indirecten Steuern (Verzehrungssteuergesetze) :
|b mit Erläuterungen aus der Rechtssprechung /
|c von Leo Geller.
|
| 246 |
3 |
|
|a Verzehrungssteuergesetze
|
| 264 |
|
1 |
|a Wien :
|b M. Perles,
|c 1883.
|
| 300 |
|
|
|a 1 online resource (vii, 479, viii, 4 unnumbered pages) :
|b illustrations.
|
| 336 |
|
|
|a text
|b txt
|2 rdacontent
|
| 337 |
|
|
|a computer
|b c
|2 rdamedia
|
| 338 |
|
|
|a online resource
|b cr
|2 rdacarrier
|
| 490 |
0 |
|
|a Oesterreichische Gesetze ;
|v 3. Abtheilung, Bd. 3
|
| 490 |
1 |
|
|a The making of the modern world. Part 2 (1851-1914)
|
| 500 |
|
|
|a Includes indexes.
|
| 500 |
|
|
|a Reproduction of the original from the University of Kansas.
|
| 504 |
|
|
|a Includes bibliographical references.
|
| 505 |
0 |
|
|a Bd. 1. Gebühren- und Taxgesetze -- Band 2. Steuergesetze.
|
| 500 |
|
|
|a Electronic resource.
|
| 650 |
|
0 |
|a Taxation of articles of consumption
|x Law and legislation
|z Austria.
|
| 650 |
|
0 |
|a Excise tax
|x Law and legislation
|z Austria.
|
| 650 |
|
0 |
|a Alcoholic beverages
|x Taxation
|x Law and legislation
|z Austria.
|
| 650 |
|
0 |
|a Meat
|x Taxation
|x Law and legislation
|z Austria.
|
| 655 |
|
7 |
|a Electronic books.
|2 local
|
| 710 |
2 |
|
|a Gale (Firm)
|0 http://id.loc.gov/authorities/names/no2008071348
|
| 830 |
|
0 |
|a Making of the modern world. Part 2 (1851-1914)
|
| 856 |
4 |
0 |
|u http://proxy.library.tamu.edu/login?url=http://find.galegroup.com/openurl/openurl?url_ver=Z39.88-2004&url_ctx_fmt=info:ofi/fmt:kev:mtx:ctx&res_id=info:sid/gale:MOME&ctx_enc=info:ofi:enc:UTF-8&rft_val_fmt=info:ofi/fmt:kev:mtx:unknown&rft.artnum=U112562961&req_dat=info:sid/gale:ugnid:txshracd2898
|z Connect to the full text of this electronic book
|t 0
|
| 999 |
f |
f |
|s 6082155d-22a1-3ea2-9f66-484b847df035
|i 6d0afa78-a8f1-36b5-933b-ed9d028b86f7
|t 0
|
| 952 |
f |
f |
|a Texas A&M University
|b College Station
|c Electronic Resources
|d Available Online
|t 0
|e KJJ3627 .G455 1883
|h Library of Congress classification
|
| 998 |
f |
f |
|a KJJ3627 .G455 1883
|t 0
|l Available Online
|